000 01549nam a22002297a 4500
999 _c63757
_d63757
003 Ge_BSU
005 20251225162005.0
008 251225s2025 ge ||||| |||| 00| 0 geo d
041 _ageo
080 _a82 დ-15
100 _aდავითაძე, თათია
_926597
245 _aმედეას მითოპოეტური სახე მითოსსა და ლიტერატურაში :
_bდისერტაცია /
_cთათია დავითაძე; სამეცნიერო ხელმძღვანელი მარინე გიორგაძე; ბსუ. ჰუმანიტარულ მეცნიებათა ფაკულტეტი. ქართული ფილოლოგიის დარგობრივი დეპარტამენტი.
264 _aბათუმი,
_c2025.
300 _a186 გვ.;
_b30 სმ.
504 _aბიბლიოგრ. გვ. 182-185
653 _aლიტერატურა
653 _aფილოლოგია
653 _aმედეას მითოსი
700 _a გიორგაძე, მარინე
_eსამეცნიერო ხელმძღვანელი
_926598
710 _a ბსუ.
_bჰუმანიტარულ მეცნიებათა ფაკულტეტი. ქართული ფილოლოგიის დარგობრივი დეპარტამენტი.
_926599
942 _2udc
_cᲬᲘᲒᲜᲘ